000 00786nam a2200133Ia 4500
008 171212s9999 xx 000 0 und d
020 _a9780833078346
100 _aKelly, Terrence K.;Masi, Ralph;Walker, Brittian A.;Knapp, Steven A.;Leuschner, Kristin J.
245 _cKelly, Terrence K.;Masi, Ralph;Walker, Brittian A.;Knapp, Steven A.;Leuschner, Kristin J.
_aAn Assessment of the Army's Tactical Human Optimization, Rapid Rehabilitation and Reconditioning Program
260 _bRAND Corporation
_c2013
650 _aBusiness
650 _aUnited States. Army. Special Forces -- Physical training; United States. Army. Special Forces -- Rehabilitation; United States. Army -- Medical care; United States. Army -- Physical training
856 _uwww.jstor.org/stable/10.7249/j.ctt3fgzpw
999 _c351713
_d351713